Programming Arduino Next Steps: Going Further with Sketches / (Record no. 615096)

000 -LEADER
fixed length control field 00296nam a22001097a 4500
020 ## - INTERNATIONAL STANDARD BOOK NUMBER
International Standard Book Number 978-1260143249
082 ## - DEWEY DECIMAL CLASSIFICATION NUMBER
Classification number 621.3815
Author Mark MON
245 ## - TITLE STATEMENT
Title Programming Arduino Next Steps: Going Further with Sketches /
Statement of responsibility, etc. Simon Monk
260 ## - PUBLICATION, DISTRIBUTION, ETC.
Name of publisher, distributor, etc. McGraw Hill TAB,
Date of publication, distribution, etc. 2018.
300 ## - PHYSICAL DESCRIPTION
Extent 296p. ;
942 ## - ADDED ENTRY ELEMENTS (KOHA)
Source of classification or shelving scheme
Koha item type Book
Holdings
Withdrawn status Lost status Source of classification or shelving scheme Damaged status Not for loan Permanent Location Current Location Shelving location Date acquired Total Checkouts Full call number Barcode Date last seen Price effective from Koha item type
          Central Library (CL) Central Library (CL) Lincoln Corner 10/07/2025   621.3815 MON LC-529 10/07/2025 10/07/2025 Book
© 2023 Central Library, National University of Sciences and Technology. All Rights Reserved.